LEADER 00944nam0-2200337---450- 001 990009522140403321 005 20140714161918.0 010 $a978-1-84593-671-6 035 $a000952214 035 $aFED01000952214 035 $a(Aleph)000952214FED01 035 $a000952214 100 $a20120201d2011----km-y0itay50------ba 101 0 $aeng 102 $aUS 105 $aa-------001yy 200 1 $aNatural products in plant pest management$fedited by Nawal K. Dubey 210 $aWallingford$cCABI$dc2011 215 $aXI, 293 p.$cill.$d26 cm 452 0$1001000988291 610 0 $aParassiti$aControllo 610 0 $aPatologia vegetale 676 $a632.96$v22$zita 702 1$aDubey,$bNawal K. 801 0$aIT$bUNINA$gRICA$2UNIMARC 901 $aBK 912 $a990009522140403321 952 $a60 632.96 B 17$b13644$fFAGBC 959 $aFAGBC 996 $aNatural products in plant pest management$9829733 997 $aUNINA LEADER 01024nam0-22003371i-450- 001 990000255130403321 005 20001010 010 $a3-540-08061-9 035 $a000025513 035 $aFED01000025513 035 $a(Aleph)000025513FED01 035 $a000025513 100 $a20001010d--------km-y0itay50------ba 101 0 $aita 105 $ay-------001yy 200 1 $aEMPIRICAL distributions and processes$eSelected papers from a Meeting at Oberwolfach, march 28 - april 3, 1976$fEdited by P. Gaenssler and P. Révész. 210 $aBerlin$cSpringer-Verlag$d1976 215 $a[8], 146, [6] p.$d24 cm 225 1 $aLecture notes in mathematics$v566 610 0 $aProbabilità e statistica 676 $a510 702 1$aGaenssler,$bPeter 702 1$aRevesz,$bP. 801 0$aIT$bUNINA$gRICA$2UNIMARC 901 $aBK 912 $a990000255130403321 952 $a09 042-012$b1085/L$fDINAE 959 $aDINAE 996 $aEmpirical distributions and processes$980714 997 $aUNINA DB $aING01 LEADER 01141nam0-22003251i-450- 001 990001363470403321 035 $a000136347 035 $aFED01000136347 035 $a(Aleph)000136347FED01 035 $a000136347 100 $a--------d--------km-y0itay50------ba 101 0 $aeng 200 1 $a<>Elementary Treatise on Fourier's Series and Spherical, Cylindrical, and Ellipsoidal Harmonics$eWith Applications to Problems in Mathematical Physics$fBu William Elwood Byerly 210 $aNew York$cDover$d1959 215 $aix, 287 p.$d21 cm 225 1 $aDover books on advanced mathematics 610 0 $aCalcolo delle variazioni 610 0 $aDifferenze finite 610 0 $aIntegrali di fourier 610 0 $aTrasformazioni di fourier e laplace 610 0 $aFunzioni di variabile complessa 676 $a517.4-9 700 1$aByerly,$bWilliam Elwood$061724 801 0$aIT$bUNINA$gRICA$2UNIMARC 901 $aBK 912 $a990001363470403321 952 $a16-143$b$fFI1 959 $aFI1 996 $aElementary Treatise on Fourier's Series and Spherical, Cylindrical, and Ellipsoidal Harmonics$9375403 997 $aUNINA LEADER 01404nam--2200397---450- 001 990002293870203316 005 20100902090824.0 010 $a88-14-11806-X 035 $a000229387 035 $aUSA01000229387 035 $a(ALEPH)000229387USA01 035 $a000229387 100 $a20041222d2005----km-y0itay0103----ba 101 0 $aita 102 $aIT 105 $a||||||||001yy 200 1 $aEnrico Mattei$eassalto al potere petrolifero$fGiovanni Buccianti 210 $aMilano$cGiuffré$d2005 215 $aXVII, 308 p.$d24 cm 225 2 $aCollana di studi Pietro Rossi$hN.S.$fUniversità di Siena, Facoltà di giurisprudenza e di scienze politiche$v20 410 0$12001$aCollana di studi Pietro Rossi$hN.S.$fUniversità di Siena, Facoltà di giurisprudenza e di scienze politiche$v20 600 1$aMattei,$bEnrico 676 $a338.76655092 700 1$aBUCCIANTI,$bGiovanni$0141638 801 0$aIT$bsalbc$gISBD 912 $a990002293870203316 951 $aXXX.A. Coll. 119/ 12 (X 22 V 20)$b46572 G.$cXXX.A. Coll. 119/ 12 (X 22 V)$d00126265 959 $aBK 969 $aGIU 979 $aACQUISTI$b10$c20041222$lUSA01$h1115 979 $aCHIARA$b90$c20050608$lUSA01$h1024 979 $aCHIARA$b90$c20050608$lUSA01$h1024 979 $aCHIARA$b90$c20050609$lUSA01$h1235 979 $aRSIAV4$b90$c20100902$lUSA01$h0908 996 $aEnrico Mattei$91068020 997 $aUNISA LEADER 00988nam0-22002651i-450 001 990004793920403321 005 20210614172430.0 035 $a000479392 100 $a19990530g18909999km-y0itay50------ba 101 0 $aita 102 $aIT 105 $ay-------001yy 200 1 $aDiscorsi pronunziati dal Ministro Paolo Boselli nella discussione del bilancio del Ministero della Pubblica Istruzione per l'anno 1890-91 210 $aRoma$cTipografia della Camera dei deputati$d1890 215 $aXI, 219 p.$d21 cm 300 $aIn testa al front.: Camera dei deputati 702 1$aBoselli,$bPaolo 710 01$aItalia.$bMinistero della pubblica istruzione$0354240 801 0$aIT$bUNINA$gREICAT$2UNIMARC 901 $aBK 912 $a990004793920403321 952 $a3/VI DD 36$bs.i.$fFLFBC 959 $aFLFBC 996 $aDiscorsi pronunziati dal Ministro Paolo Boselli nella discussione del bilancio del Ministero della Pubblica Istruzione per l'anno 1890-91$91806463 997 $aUNINA LEADER 01423nas 2200349 n 450 001 990008941150403321 005 20240229084426.0 035 $a000894115 035 $aFED01000894115 035 $a(Aleph)000894115FED01 035 $a000894115 091 $2CNR$aP 00074110 100 $a20161109b19071957km-y0itaa50------ba 101 0 $aeng 110 $aauu-------- 200 1 $aClassical weekly 207 1$a1907-1957 210 $aNew York$c[s.n.] 440 0$1001000894116$12001$aThe Classical world 530 0 $aClassical weekly 675 $a807 712 02$aClassical association of the Atlantic states 801 0$aIT$bACNP$c20090723 859 4 $uhttp://acnp.cib.unibo.it/cgi-ser/start/it/cnr/dc-p1.tcl?catno=48170&person=false&language=ITALIANO&libr=&libr_th=unina1$zBiblioteche che possiedono il periodico 901 $aSE 912 $a990008941150403321 958 $aBRAU. Biblioteca di Ricerca di Area Umanistica$b1949-1957.$c1953-1954;$eGRAN BRETAGNA 3$fFLFBC 959 $aFLFBC 996 $aClassical weekly$9796938 997 $aUNINA AP1 8 $6866-01$aNA072 BRAU. Biblioteca di Ricerca di Area Umanistica$bGRAN BRETAGNA 3$ePiazza Bellini 56/60, 80133 Napoli (NA)$m(081) 2533948$nit AP2 40$aacnp.cib.unibo.it$nACNP Italian Union Catalogue of Serials$uhttp://acnp.cib.unibo.it/cgi-ser/start/it/cnr/df-p.tcl?catno=48170&language=ITALIANO&libr=&person=&B=1&libr_th=unina&proposto=NO